|
|
|
|
| LEADER |
01334cam a2200385 i 4500 |
| 001 |
nkc20152744952 |
| 003 |
CZ PrNK |
| 005 |
20160108103839.0 |
| 007 |
ta |
| 008 |
151014s2015 xr g 000 j cze d |
| 015 |
|
|
|a cnb002744952
|
| 020 |
|
|
|a 978-80-204-3855-3
|q (vázáno)
|
| 035 |
|
|
|a (OCoLC)939571679
|
| 040 |
|
|
|a KMG001
|b cze
|d OLA001
|e rda
|
| 072 |
|
7 |
|a 821.162.3-3
|x Česká próza
|2 Konspekt
|9 25
|
| 080 |
|
|
|a 821.162.3-32
|2 MRF
|
| 080 |
|
|
|a (0:82-322.4)
|2 MRF
|
| 100 |
1 |
|
|a Kovářová, Daniela,
|d 1964-
|7 xx0066406
|4 aut
|
| 245 |
1 |
0 |
|a Mrtvá z golfového hřiště :
|b detektivní příběh z prostředí golfu pro hráče, příznivce i odpůrce /
|c Daniela Kovářová
|
| 250 |
|
|
|a První vydání
|
| 264 |
|
1 |
|a Praha :
|b Mladá fronta,
|c 2015
|
| 300 |
|
|
|a 158 stran ;
|c 21 cm
|
| 336 |
|
|
|a text
|b txt
|2 rdacontent
|
| 337 |
|
|
|a bez média
|b n
|2 rdamedia
|
| 338 |
|
|
|a svazek
|b nc
|2 rdacarrier
|
| 500 |
|
|
|a Terminologický slovník
|
| 655 |
|
7 |
|a české příběhy
|7 fd133973
|2 czenas
|
| 655 |
|
7 |
|a detektivní příběhy
|7 fd132009
|2 czenas
|
| 655 |
|
9 |
|a Czech stories
|2 eczenas
|
| 655 |
|
9 |
|a detective stories
|2 eczenas
|
| 910 |
2 |
|
|a BOA001
|b 2-1358.303
|
| 990 |
|
|
|a BK
|
| 995 |
|
|
|a 01
|
| 991 |
|
|
|b 201512
|c NOV
|
| 996 |
6 |
|
|b 2610652640
|c 2-1358.303
|l MZK
|r Sklad / do 1 hodiny
|n 3
|p p.v.
|w 001535327
|u 000010
|a 1
|e BOA001
|j MZK50
|s P
|